000 00806nam a2200253 4500
001 37011
010 _a9789893559703
021 _aPT
_b530726/24
090 _a37011
100 _a20240702d2024 m y0pory50030103ba
101 0 _apor
102 _aPT
200 1 _aO poder do autocuidado
_eum guia transformador para uma vida plena e feliz
_fHelena Paixão
_gil. Ana Silvia Agostinho
205 _a1.º ed
210 9 _a[S.l.]
_cNuvem de Ideias
_dcop. 2024
215 _a221, [3] p.
_cil.
_d24 cm
606 _93335
_aPsicologia
675 _a159.923(035)
_vBN
_zpor
700 _97282
_aPaixão
_bHelena
702 _aAgostinho
_bAna Sílvia
_4440
_97283
801 0 _aPT
_bBN
_gRPC
856 4 1 _uhttp://rnod.bnportugal.gov.pt/ImagesBN/winlibimg.aspx?skey=&doc=2171482&img=195415&save=true
990 _cLIVROS
994 _aCOMP